000 01057nam a2200313Ia 4500
001 Para_8684
003 CHAP
008 220125s2001 xx 000 0 und d
010 _a207495
040 _cCHAP
082 _aPA 632.954 S5
111 _aSimposium Internacional "Uso de Herbicidas en la Agricultura del Siglo XXI" (2:2001:Córdoba)
_9174089
245 _aUso de herbicidas en la agricultura del siglo XXI /
_c ed. por Rafael De Prado, Jesús V. Jorrín
260 _aCórdoba :
_b Servicio de Publicaciones de la Universidad de Córdoba
300 _a668 p.
650 _aAgricultura
_91172
650 _aHerbicidas
_953691
650 _aHerbicidas
_x congresos
_9172687
700 _aDe Prado, Rafael, ed.
_9174090
700 _aJorrín, Jesús V., ed.
_9174091
710 _aUniversidad de Córdoba. Servicio de Publicaciones.
_9174092
901 _aPA 632.954 S5
902 _aA
905 _a0000002001 ain 0000000000 00
910 _a2001
942 _cPARA
942 _cPARA
_d1
999 _c207495
_d207495